Parole disney: je voudrais un bonhomme de neige - Statistiques

Statistiques générales
  • Ce quiz a été pris 2 286 fois
  • Le résultat moyen est 129 sur 160
Statistiques - réponses
Hint Réponse % Correct
39 | 110 j'
100%
2 | 43 | 61 | +2 others Je
100%
74 | 82 | 101 je
100%
3 | 44 | 62 | 156 voudrais
100%
5 | 46 | 55 | +2 others bonhomme
99%
95 d'
99%
6 | 47 | 56 | +5 others de
99%
26 | 144 n'
99%
17 ne
99%
7 | 66 neige,
99%
48 neige
99%
57 | 160 neige.
99%
4 | 45 | 54 | +2 others un
99%
59 | 87 à
98%
91 | 102 m'
97%
50 s'
95%
12 moi !
94%
60 moi.
94%
109 moi
94%
67 ou
93%
1 Elsa ?
92%
116 Elsa,
92%
34 | 86 | 100 | 108 et
91%
78 en
90%
10 jouer
90%
11 avec
89%
13 | 25 Tu
86%
24 tu ?
86%
104 | 118 | 124 tu
86%
72 la
85%
140 | 153 pour
85%
18 se
85%
14 | 52 te
85%
22 | 112 | 142 que
83%
75 | 98 suis
83%
27 es
82%
20 | 28 | 146 | 148 plus
82%
88 ces
81%
71 dans
80%
90 qui
80%
73 cour
78%
51 il
78%
36 | 135 mais
78%
30 toi .
78%
9 viens
78%
83 parle
77%
53 plait
77%
131 le
76%
79 manque
76%
69 du
75%
31 Nous
75%
139 | 143 nous
75%
154 nous ?
75%
16 on
75%
126 On
75%
42 pourquoi !
75%
122 Pourquoi
75%
99 seule
75%
76 une
75%
84 aux
74%
81 compagnie,
74%
103 ennuie
74%
68 faire
74%
23 fais
74%
127 me
74%
49 oui,
74%
58 Pense
73%
77 fille
72%
113 les
72%
70 vélo
72%
19 voit
72%
29 vraiment
72%
85 murs
71%
40 aimerais
70%
38 fini,
70%
33 soeurs
70%
35 amies
69%
96 Arc !
69%
37 c'est
69%
21 | 128 dis
69%
32 etions
69%
94 Jeanne
69%
93 Salut
69%
41 savoir
69%
92 entourent !
68%
111 attends
67%
114 heures
66%
115 passent.
66%
15 caches
65%
105 | 123 restes
65%
107 glace
64%
89 portraits
60%
125 enfermée ?
57%
121 porte ?
57%
145 avons
55%
120 cette
55%
134 tout
55%
150 famille
53%
136 j'ai
53%
119 ouvrir
53%
151 quel
53%
152 avenir
52%
117 peux
52%
149 aucune
51%
147 personne,
51%
132 temps
51%
137 besoin
50%
141 oublier
48%
133 arrange
46%
129 sois
43%
130 forte
42%
8 Oh,
42%
Aucun quiz correspondant
Distribution des résultats
% des personnes avec chaque résultat
Percentile par nombre de réponses
Votre historique - résultats
Vous n’avez pas pris ce quiz